000
00224nam a2200097Ia 4500
008
220204s9999 xx 000 0 und d
082
_a
82-3
_b
WHE
100
_a
Wheatley, Dennis
245
0
_a
They used dark forces
942
_c
BK
999
_c
33989
_d
33989